00354nam a22001457a 450000500170000002000180001704100120003508200160004710000220006324500730008525000070015826000240016530000080018936500110019720260619090105.0 a9788123440347 aEnglish aT16 R25 STE aStephen Jeyaseela aFrenchiyar Aatchiyil Puducherry Mallalin Samooga Vaazhkkai 1674-1793 a01 aChennaibNCBHc2025 a166 b160.00